Filipino christian living 2 : (Record no. 48466)
[ view plain ]
| 000 -LEADER | |
|---|---|
| fixed length control field | 00519nam a2200169Ia 4500 |
| 003 - CONTROL NUMBER IDENTIFIER | |
| control field | PILC |
| 005 - DATE AND TIME OF LATEST TRANSACTION | |
| control field | 20160218094652.0 |
| 008 - FIXED-LENGTH DATA ELEMENTS--GENERAL INFORMATION | |
| fixed length control field | 140321s9999 xx 000 0 und d |
| 050 ## - LIBRARY OF CONGRESS CALL NUMBER | |
| Classification number | BJ 1012 |
| Item number | .F483 2012 |
| 245 ## - TITLE STATEMENT | |
| Title | Filipino christian living 2 : |
| Remainder of title | the perpetualite: a man of God / |
| Statement of responsibility, etc | University of Perpetual Help System. |
| 260 ## - PUBLICATION, DISTRIBUTION, ETC. (IMPRINT) | |
| Place of publication, distribution, etc | Manila : |
| Name of publisher, distributor, etc | Mindshapers, |
| Date of publication, distribution, etc | 2012. |
| 300 ## - PHYSICAL DESCRIPTION | |
| Extent | 136 pages ; |
| Dimensions | 23 cm. |
| 500 ## - GENERAL NOTE | |
| General note | Includes bibliographical references. |
| 650 ## - SUBJECT ADDED ENTRY--TOPICAL TERM | |
| Topical term or geographic name as entry element | Ethics. |
| 942 ## - ADDED ENTRY ELEMENTS (KOHA) | |
| Call number prefix | Local |
| Koha item type | Books |
| Source of classification or shelving scheme | Library of Congress Classification |
| Withdrawn status | Lost status | Damaged status | Home library | Current library | Shelving location | Date acquired | Total Checkouts | Total Renewals | Full call number | Barcode | Date last seen | Date checked out | Price effective from | Koha item type |
|---|---|---|---|---|---|---|---|---|---|---|---|---|---|---|
| College Library | College Library | Reserve Section | 03/21/2014 | 1 | 2 | BJ 1012 .F483 2012 | C17749 | 05/15/2018 | 07/07/2016 | 03/21/2014 | Books |